000 01006nam0a22002651 4500
001 rc\2770433
005 20250806204312.0
035 _a(NLR Aleph) 006896817
090 _a26783
_c26783
100 _a20110915d1941 u y0rusy50 ca
101 0 _arus
102 _aRU
105 _ay z |||||
200 1 _aПостановления IV пленума Центрального комитета Профсоюза рабочих железных дорог Юга. (15-17-го апреля 1941 г.)
210 _aХарьков
_cЦК Союза рабочих ж. д. Юга
_d1941
215 _a20 с.
_d22 см.
710 0 2 _aСоюз рабочих железных дорог Юга СССР
_bЦК
_bПленум
_f1941, апрель
_3RU\NLR\AUTH\880395148
801 0 _aRU
_bNLR
_gpsbo
801 1 _aRU
_bELAR
_2rusmarc
852 _aNLR
_jИр70 Г-6/3
942 _cBOOK
945 _aРоссийская национальная библиотека
980 _aNB
980 _aBV